00990nam a2200241 a 4500008004100000020001800041020001500059050002000074100002000094245007900114260004900193300002700242350001000269490007900279490000600358500006300364650002800427650001900455700002000474995010100494999001700595952013600612181016s1996 ||||||||||||||||| || u a9780521461962 a0521461960 aQC 611.6.D4 Red aBube, Richard H10aPhotoinduced defects in semiconductorscDavid Redfield and Richard H. Bube aCambridge:bCambridge University Pressc1996 ax, 217 p : ill ; 24 cm a60.50 aCambridge studies in semiconductor physics and microelectronic engineering v4 aIncludes bibliographical references (p. 201-214) and index 0aSEMICONDUCTORS--DEFECTS 0aPHOTOCHEMISTRY aRedfield, David FCBU-MAIN LIBRARY (Kitwe)I60.50M1UAVAILABLEWOct 16, 2018ZMain Library Open Access Collection c53525d53525 00102lcc4070a001b001cMain Library Open Access Collectiond2022-11-30l0oQC 611.6.D4 Redp748521r2022-11-30w2022-11-30y002